Monuments par pays - Statistiques

Statistiques générales
  • Ce quiz a été pris 339 fois
  • Le résultat moyen est 25 sur 54
Statistiques - réponses
monument pays % Correct
Musée du Louvre France
100%
Tower Bridges Royaume Uni
97%
Pont du Golden Gate Etats Unis
95%
Colisée Italie
95%
Sphinx de Ghizeh Egypte
94%
Sagrada Familia Espagne
93%
Opéra de Sydney Australie
91%
Christ Rédempteur Brésil
91%
Machu Picchu Pérou
88%
Taj Mahal Inde
87%
Château de Neuschwanstein Allemagne
86%
Parthénon Grèce
83%
Burj Khalifa Emirats Arabes Unis
81%
Palais Royal de Stockholm Suède
81%
Place Rouge Russie
77%
Parlement Hongrois Hongrie
76%
Cité Interdite Chine
72%
Chichén Itza Mexique
69%
Statue Ho Chi Minh Vietnam
67%
Atomium Belgique
63%
Taipei 101 Taïwan
61%
Sainte Sophie Turquie
61%
Ile de Pâques Chili
58%
Basilique Saint Pierre Vatican
56%
Kinkaku-ji Japon
50%
Tour de Belém Portugal
45%
Angkor Vat Cambodge
44%
Tours Pétronas Malaisie
37%
Rijksmuseum Pays Bas
36%
Chutes d'Iguazu Argentine
32%
Gyeongbokgung Corée du Sud
32%
Château de Frontenac Canada
29%
Kaaba Arabie Saoudite
27%
Dôme du Rocher Israël
23%
Château de Chillon Suisse
21%
Monument de la RenaissanceAfricaine Sénégal
18%
Mosquée de Djenné Mali
17%
Voortrekker Monument Afrique du sud
16%
Château de San Felipe de Barajas Colombie
15%
Wat Arun Thaïlande
14%
Marina Bay Sand Singapour
12%
Stavkirke Norvège
11%
Amphithéâtre de Pula Croatie
10%
Palais des Princes Monaco
10%
El Capitolio Cuba
9%
Château de Marienbourg Pologne
9%
Tikal Guatemala
8%
Borobudur Indonésie
8%
Al Shaheed Irak
8%
Palais de Bahia Maroc
8%
Monastère de Rila Bulgarie
7%
Tour Azadi Iran
6%
Dougga Tunisie
5%
Monuments aux Askaris Tanzanie
2%
Aucun quiz correspondant
Distribution des résultats
% des personnes avec chaque résultat
Percentile par nombre de réponses
Votre historique - résultats
Vous n’avez pas pris ce quiz